Verkehrswissenschaft Aktuell Berichte und Informationen aus Forschung und Lehre

Gespeichert in:
Bibliographische Detailangaben
Format: Schriftenreihe
Sprache:Deutsch
Veröffentlicht: Dresden Hochschule für Verkehrswesen "Friedrich List" 1991
Schlagworte:
Tags: Tag hinzufügen
Keine Tags, Fügen Sie das erste Tag hinzu!

MARC

LEADER 00000nas2a2200000 4500
001 s015351
005 20250825073206.4
022 |a 0043-6844 
041 0 |a ger 
044 |a DE 
245 1 0 |a Verkehrswissenschaft Aktuell  |b Berichte und Informationen aus Forschung und Lehre 
264 1 |a Dresden  |b Hochschule für Verkehrswesen "Friedrich List"  |c 1991 
300 |a 1 zv. 
610 2 0 |a doprava